Godi: um menino chamado liberdade (Record no. 191694)

MARC details
000 -LÍDER
campo de controle de tamanho fixo 00388 a2200169 4500
001 - NÚMERO DE CONTROLE
campo de controle 191694
020 ## - ISBN - INTERNATIONAL STANDARD BOOK NUMBER
ISBN - International Standard Book Number 978-85-66653-38-0
040 ## - FONTE DA CATALOGAÇÃO
Instituição que transcreveu o registro Magnum
100 ## - ENTRADA PRINCIPAL--NOME PESSOAL
Nome pessoal Ferreira, Fábio
240 10 - TÍTULO UNIFORME
Título uniforme Godi: um menino chamado liberdade
Idioma da obra por
245 10 - TÍTULO
Título Godi: um menino chamado liberdade
300 ## - DESCRIÇÃO FÍSICA
Extensão 68
362 0# - DATAS DE PUBLICAÇÃO E/OU DESIGNAÇÃO SEQUENCIAL
Datas de publicação e/ou designação sequencial 2014
440 #1 - DECLARAÇÃO DE SÉRIE/ENTRADA ADICIONADA--TÍTULO
Título Baobá
697 ## - ENTRADA DE ASSUNTO LOCAL--ENTIDADE COLETIVA (RLIN)
Nome corporativo ou nome da jurisdição LITERATURA JUVENIL
942 ## - ELEMENTOS DE ENTRADA ADICIONADOS (KOHA)
Tipo de material Koha Livros
Holdings
Situação do descarte Situação das perdas Situação física Não pode ser emprestado Biblioteca de origem Biblioteca atual Data de aquisição Total de empréstimos Número de chamada completo Código de barras Data de último acesso Data do preço efetivo Tipo de material Koha
        Magnum Magnum 08/06/2024   869.2.1427 MAG00069371 08/06/2024 08/06/2024 Livros
        Magnum Magnum 08/06/2024   869.2.1427 MAG00069372 08/06/2024 08/06/2024 Livros
        Magnum Magnum 08/06/2024   869.2.1427 MAG00069373 08/06/2024 08/06/2024 Livros
        Magnum Magnum 08/06/2024   869.2.1427 MAG00076525 08/06/2024 08/06/2024 Livros